000 00320pam a2200133 a 4500
020 _c
041 _h
082 _a570.10000000000002
_bUPA
100 _aUpadhya, S.
245 _aHappiness The Key To Success And A Full Life
_hTextual Documents
260 _aPune
_bHind Pocket Books
300 _a138
930 _a5124
999 _c111954
_d111954